Subdivision capitals closest to Subotica (RS) - Statistics

General Stats
  • This quiz has been taken 11 times
  • The average score is 11 of 20
Answer Stats
Distance (km) Answer % Correct
6 95 Novi Sad
100%
15 128 Arad
60%
14 127 Békéscsaba
60%
19 151 Brčko
60%
18 147 Kaposvár
60%
5 90 Kecskemét
60%
3 69 Kikinda
60%
7 97 Osijek
60%
10 111 Pécs
60%
2 56 Sombor
60%
1 41 Szeged
60%
20 155 Székesfehérvár
60%
4 79 Szekszárd
60%
12 126 Szolnok
60%
13 127 Timișoara
60%
16 140 Orašje
40%
17 144 Šabac
40%
11 126 Sremska Mitrovica
40%
9 98 Vukovar
40%
8 98 Zrenjanin
40%
No matching quizzes found
Score Distribution
Percent of People with Each Score
Percentile by Number Answered
Your Score History
You have not taken this quiz